| 000 | 00695cam a22002171a 4500 | ||
|---|---|---|---|
| 001 | ne 63001817 | ||
| 003 | DLC | ||
| 005 | 20260227111750.0 | ||
| 008 | 920106q19601969ua 000 0 ara c | ||
| 010 | _ane 63001817 | ||
| 035 | _a(OCoLC)25053806 | ||
| 040 |
_aPrinceton Univ. Libr. for DLC _cMWalB _dMWalB _dDLC |
||
| 042 | _apremarc | ||
| 050 | 0 | 0 |
_aHD2961 _b.U45 |
| 100 | 1 | _aʻUmar, Maḥmūd Fatḥī. | |
| 245 | 1 | 3 |
_aal-Ḥarakah al-taʻāwunīyah / _cbi-qalam Maḥmūd Fatḥī ʻUmar. |
| 260 |
_a[al-Qāhirah : _bal-Dār al-Qawmīyah lil-Ṭibāʻah wa-al-Nashr, _c196-] |
||
| 300 |
_a66 p. ; _c19 cm. |
||
| 490 | 0 |
_aIkhtaranā lil-filāl wa-al-ʻāmil ; _v33 |
|
| 650 | 0 | _aCooperation. | |
| 999 |
_c46236 _d46236 |
||